| 000 | 00842cam a22002535a 4500 | ||
|---|---|---|---|
| 001 | 17266438 | ||
| 005 | 20150812134020.0 | ||
| 008 | 120421t2012 enka frb 000 0 eng d | ||
| 020 | _a9781447122036 | ||
| 040 |
_aDLC _cDLC _dDLC _dEG-ScBUE _beng |
||
| 082 | 0 | 4 |
_222 _bSAR _a671.58 |
| 100 | 1 |
_aSaravanan, R. _q(Rajendran), _d1964- |
|
| 245 | 1 | 0 |
_aMetal and alloy bonding : _ban experimental analysis : charge density in metals and alloys / _cby R. Saravanan, M. Prema Rani. |
| 260 |
_aLondon : _bSpringer, _cc.2012. |
||
| 300 |
_axvi, 151 p. : _bill. (col.) ; _c25 cm. |
||
| 504 | _aBibliography : p. 145-146. | ||
| 650 | 0 |
_aMetal bonding. _2BUEsh _95974 |
|
| 650 | 0 |
_aCharge density waves. _2BUEsh |
|
| 651 | _2BUEsh | ||
| 653 |
_bCOMAME _cJune2015 _cAugust2015 |
||
| 655 |
_vreading book _934232 |
||
| 700 | 1 | _aRani, M. Prema. | |
| 942 | _2ddc | ||
| 999 |
_c19793 _d19765 |
||